000 00531nam a2200181Ia 4500
003 OSt
005 20200817105304.0
008 190216s9999||||xx |||||||||||||| ||und||
020 _a9788126511464
040 _coclc
082 _a547.2
_bWAR/O
100 _aWarren, Stuart
_94152
245 0 _aOrganic Synthesis :
_bThe Disconnection Approach /
_cStuart Warren
260 _bWiley Students,
_c2011.
_aDelhi:
300 _a391p
650 _aOrganic Synthesis
942 _cBK
_2ddc
_h547.2
_iWAR/O
_k547.2
_mWAR/O
999 _c3519
_d3519